|
|
|
|
| LEADER |
00808nam a22002417a 4500 |
| 001 |
AAL3054 |
| 003 |
BD-DhAAL |
| 005 |
20160119184049.0 |
| 008 |
160119s 1999nau||||| |||| 00| 0 eng d |
| 020 |
|
|
|a 0446608386
|
| 040 |
|
|
|a BD-DhAAL
|c BD-DhAAL
|
| 082 |
|
|
|a 813/.6
|
| 100 |
|
|
|a French, Nicci
|9 17442
|
| 245 |
|
|
|a Killing me softly /
|c Nicci French
|
| 260 |
|
|
|a New York, NY :
|b Warner Vision Books,
|c ©1999.
|
| 300 |
|
|
|a 376 p. ;
|c 18 cm.
|
| 541 |
|
|
|e 3054
|
| 650 |
|
|
|a Sex addiction
|x Fiction.
|9 17443
|
| 650 |
|
|
|a Women scientists
|v Fiction.
|9 17444
|
| 650 |
|
|
|a Mountaineers
|x Fiction.
|9 17445
|
| 942 |
|
|
|2 ddc
|c BK
|
| 999 |
|
|
|c 36638
|d 36638
|
| 952 |
|
|
|0 0
|1 0
|2 ddc
|4 0
|6 813_000000000000000__6_FRE
|7 0
|9 57640
|a SCL
|b SCL
|c GEN
|d 2016-01-19
|l 10
|m 38
|o 813.6 FRE
|p 3020003054
|r 2019-11-28
|s 2019-09-23
|t 1
|w 2016-01-19
|y BK
|